000 00261nam a2200097Ia 4500
001 759911
005 20250826165138.0
008 250824s9999 xx 000 0 und d
245 0 _aSİZ DİYETTESİNİZ
_cMEHMET C.ÖZ MICHAEL F.ROIZEN
260 _bKORİDOR YAYINLARI
999 _c759911
_d759911